000 00436nam a2200169Ia 4500
008 230711s9999||||xx |||||||||||||| ||und||
041 _aENG
082 _a621
_bKO-M
100 _aKorst,Jan
245 0 _aMultimedia storage and retrieval : an algorithms approach
250 _a1st Ed.
260 _c2005
_aNew York
_bJohn Wiley & Sons.Inc
300 _a263
650 _aElectrical Engineering
700 _aPronk,Verus
942 _cBK
999 _c4990
_d4990